Income Tax : Practice & Procedure (Record no. 44699)

MARC details
000 -LEADER
fixed length control field 00463nam a2200181Ia 4500
008 - FIXED-LENGTH DATA ELEMENTS--GENERAL INFORMATION
fixed length control field 220531s9999 xx 000 0 und d
041 ## - LANGUAGE CODE
Language code of text/sound track or separate title eng
082 ## - DEWEY DECIMAL CLASSIFICATION NUMBER
Classification number -
Item number INC / WAK
100 ## - MAIN ENTRY--PERSONAL NAME
Personal name Wakale, L.P.
9 (RLIN) 80910
245 ## - TITLE STATEMENT
Title Income Tax : Practice & Procedure
250 ## - EDITION STATEMENT
Edition statement 1 st
260 ## - PUBLICATION, DISTRIBUTION, ETC. (IMPRINT)
Place of publication, distribution, etc. Sangamner
Name of publisher, distributor, etc. Gayatri
Date of publication, distribution, etc. 2021
300 ## - PHYSICAL DESCRIPTION
Extent 313
542 ## - INFORMATION RELATING TO COPYRIGHT STATUS
Copyright holder 08-03-2021
650 ## - SUBJECT ADDED ENTRY--TOPICAL TERM
Topical term or geographic name as entry element Income Tax
9 (RLIN) 80911
906 ## - LOCAL DATA ELEMENT F, LDF (RLIN)
c T.Y.B.Com.
d 2020-2021
f 19452
Holdings
Withdrawn status Lost status Source of classification or shelving scheme Damaged status Not for loan Collection code Home library Current library Date acquired Vendor Cost, normal purchase price Total Checkouts Total Holds Full call number Barcode Date last seen Cost, replacement price Bill Date Koha item type Original Barcode
    Dewey Decimal Classification       Shri Siddhivinayak Mahila Mahavidyalaya Shri Siddhivinayak Mahila Mahavidyalaya 08/03/2021 Vaibhav 220.00   10 -/INC/WAK/B/24744 SSMM-BK-24744 06/08/2022 220.00 06/08/2022 Books 010024744